Historia de la tauromaquia (Registro nro. 17214)

Detalles MARC
000 -LEADER
campo de control de longitud fija 00891nam a2200241 i 4500
001 - NÚMERO DE CONTROL
campo de control 17214
003 - IDENTIFICADOR DE NÚMERO DE CONTROL
campo de control ES-MaACL
005 - FECHA Y HORA DE LA ÚLTIMA TRANSACCIÓN
campo de control 20250927063033.0
007 - CAMPO FIJO DE DESCRIPCIÓN FÍSICA--INFORMACIÓN GENERAL
campo de control de longitud fija t|
008 - DATOS DE LONGITUD FIJA--INFORMACIÓN GENERAL
campo de control de longitud fija 010122s2000 sp af |||| | spa j
020 ## - NÚMERO INTERNACIONAL ESTÁNDAR DEL LIBRO
Número Internacional Estándar del Libro 84-8191-300-6
080 ## - NÚMERO DE LA CLASIFICACIÓN DECIMAL UNIVERSAL
Número de la Clasificación Decimal Universal 791.862(091)
100 1# - ENTRADA PRINCIPAL--NOMBRE DE PERSONA
Nombre de persona Bennassar, Bartolomé,
Fechas asociadas al nombre 1929-
9 (RLIN) 27727
245 10 - MENCIÓN DEL TÍTULO
Título Historia de la tauromaquia
Resto del título : una sociedad del espectáculo /
Mención de responsabilidad, etc. Bartolomé Bennassar ; traducción al castellano de Denise Lavezzi Revel-Chion.
250 ## - MENCION DE EDICION
Mención de edición 1ª ed.
260 ## - PUBLICACIÓN, DISTRIBUCIÓN, ETC.
Lugar de publicación, distribución, etc. [Ronda (Málaga)] :
Nombre del editor, distribuidor, etc. Real Maestranza de Caballería de Ronda ;
Lugar de publicación, distribución, etc. Valencia :
Nombre del editor, distribuidor, etc. Pre-Textos,
Fecha de publicación, distribución, etc. 2000.
300 ## - DESCRIPCIÓN FÍSICA
Extensión 197 p., [16] p. de lám. ;
Dimensiones 23 cm.
650 14 - PUNTO DE ACCESO ADICIONAL DE MATERIA--TÉRMINO DE MATERIA
Término de materia o nombre geográfico como elemento de entrada Tauromaquia-
Subdivisión de forma Historia.
9 (RLIN) 17289
700 1# - ENTRADA AGREGADA--NOMBRE PERSONAL
Nombre de persona Lavezzi Revel-Chion, Denise.
9 (RLIN) 70712
710 2# - ENTRADA AGREGADA--NOMBRE DE ENTIDAD CORPORATIVA
Nombre de entidad corporativa o nombre de jurisdicción como elemento de entrada Real Maestranza de Caballería de Ronda.
9 (RLIN) 6365
852 ## - LOCALIZACIÓN
Ubicación ES-MaACL
Número de control de estantería L-24196
Existencias
Estatus retirado Estado de pérdida Estado de daño No para préstamo Biblioteca de origen Biblioteca actual Ubicación en estantería Fecha de adquisición Fuente de adquisición Total de préstamos Signatura topográfica completa Código de barras Visto por última vez Precio de reemplazo Tipo de ítem Koha
        Biblioteca del Ateneo de Madrid Biblioteca del Ateneo de Madrid Depósito 2 17/01/2008     L-24196 1017561 23/02/2023 23/02/2023 Libro impreso